Score 0/20 Timer 03:00
1 Play Today
clue answer % Correct
James FrancoPlanet
98.5%
Michelle WilliamsMountain
96.3%
Mila KunisBlack
95.7%
James FrancoEat
92.7%
Mila KunisBenefits
89.4%
Mila KunisSarah
87.8%
James FrancoExpress
87.6%
Mila KunisNight
86.3%
Michelle WilliamsIsland
83.5%
Mila KunisBook
80.6%
clue answer % Correct
James FrancoHours
71.4%
Rachel WeiszBoy
70%
Rachel WeiszBones
69.3%
James FrancoYour
66.4%
Rachel WeiszGates
61.7%
Michelle WilliamsWeek
55.8%
Michelle WilliamsYork
54.9%
Rachel WeiszLegacy
46.2%
Rachel WeiszConstant
43.5%
Michelle WilliamsBlue
36.1%

Today's Daily Dose

Remove Ads.
Support Sporcle.
Get the best of Sporcle when you Go Orange. This ad-free experience offers more features, more stats, and more fun while also helping to support Sporcle. Thank you for becoming a member.

You're not logged in!

Compare scores with friends on all Sporcle quizzes.
OR
Log In

Show Comments

Extras

Top Quizzes Today


Score Distribution

Your Account Isn't Verified!

In order to create a playlist on Sporcle, you need to verify the email address you used during registration. Go to your Sporcle Settings to finish the process.

Report this User

Report this user for behavior that violates our Community Guidelines.

Details: